中国音乐 - Statistics

General Stats
  • This quiz has been taken 8 times
  • The average score is 17 of 49
Answer Stats
Answer % Correct
民歌
100%
劳动号子
100%
戏曲
71%
山歌
71%
民间音乐
57%
弦索乐合奏
57%
丝竹乐合奏
57%
锣鼓乐合奏
57%
民族器乐作品
57%
中国传统音乐
43%
中国近现代音乐
43%
宫廷音乐
43%
民间器乐
43%
曲艺
43%
小调
43%
昆腔系统
43%
梆子腔系统
43%
聂耳
43%
冼星海
43%
贺绿汀
43%
文人音乐
29%
雅乐
29%
燕乐
29%
古琴音乐
29%
鼓吹乐合奏
29%
吹打乐合奏
29%
琴书类
29%
高腔系统
29%
李叔同
29%
赵元任
29%
刘天华
29%
华彦均(阿炳)
29%
西洋器乐作品
29%
词调音乐
14%
鼓词类
14%
弹词类
14%
渔鼓(道情)类
14%
皮黄腔系统
14%
琴曲
14%
琴歌
14%
择调
14%
创调(自度曲)
14%
沈心工
14%
萧友梅
14%
黄自
14%
马思聪
14%
郑律成
14%
马可
14%
牌子曲(俗曲)类
0%
No matching quizzes found
Score Distribution
Percent of People with Each Score
Percentile by Number Answered
Your Score History
You have not taken this quiz